[Event "Odense Andersen op"]
[Site "Odense"]
[Date "2013.05.12"]
[Round "3"]
[White "Hamann, Brian Michael"]
[Black "Eriksson, Christian Altenburg"]
[Result "1/2-1/2"]
[WhiteElo "1877"]
[BlackElo "2156"]
[PlyCount "101"]
[EventDate "2013.05.08"]
[EventType "swiss"]
[EventRounds "9"]
[EventCountry "DEN"]
[SourceTitle "CBM 154 Extra"]
[Source "ChessBase"]
[SourceDate "2013.06.25"]
[SourceVersion "2"]
[SourceVersionDate "2013.06.25"]
[SourceQuality "1"]

1. d4 d5 2. Nf3 Nf6 3. Bf4 c5 4. e3 Nc6 5. c3 Qb6 6. Qb3 c4 7. Qxb6 axb6 8. Nbd2 b5 9. Be2 e6 10. 0-0 Be7 11. a3 0-0 12. h3 Bd7 13. Ne5 Nxe5 14. Bxe5 Bc6 15. Rad1 Nd7 16. Bg3 Nb6 17. Nf3 f6 18. Nd2 Kf7 19. f4 g6 20. Bf3 b4 21. cxb4 c3 22. bxc3 Rxa3 23. Rc1 Bb5 24. Rfd1 Rc8 25. Nb1 Ra1 26. e4 Bc6 27. e5 f5 28. Be2 Ba4 29. Re1 Ra2 30. Bd3 Bb3 31. Bf2 g5 32. Be3 Bc4 33. Bf1 gxf4 34. Bxf4 Rg8 35. Nd2 Bh4 36. Red1 Bxf1 37. Kxf1 Rc8 38. g3 Be7 39. h4 Ra3 40. Nb1 Ra2 41. Nd2 Rb2 42. Ke2 Na4 43. Kd3 b5 44. Nb1 Rb3 45. Kd2 Rc4 46. Be3 Rxb1 47. Rxb1 Nxc3 48. Ra1 Nxd1 49. Kxd1 Rc3 50. Ke2 Rc7 51. Bd2 1/2-1/2

[Event "Odense Andersen op"]
[Site "Odense"]
[Date "2013.05.10"]
[Round "4"]
[White "Hamann, Brian Michael"]
[Black "Nielsen, John Bauneborg"]
[Result "0-1"]
[WhiteElo "1877"]
[BlackElo "2161"]
[PlyCount "74"]
[EventDate "2013.05.08"]
[EventType "swiss"]
[EventRounds "9"]
[EventCountry "DEN"]
[SourceTitle "CBM 154 Extra"]
[Source "ChessBase"]
[SourceDate "2013.06.25"]
[SourceVersion "2"]
[SourceVersionDate "2013.06.25"]
[SourceQuality "1"]

1. d4 d5 2. Nf3 e6 3. Bf4 Bd6 4. Bxd6 Qxd6 5. c3 Nd7 6. e3 Ngf6 7. Nbd2 0-0 8. Bd3 e5 9. dxe5 Nxe5 10. Nxe5 Qxe5 11. Nf3 Qe7 12. h3 c6 13. 0-0 Be6 14. Nd2 Rad8 15. Qf3 Rfe8 16. Rad1 Bc8 17. Bf5 Bxf5 18. Qxf5 Rd6 19. Rfe1 Re6 20. Qc2 a6 21. Nf3 Ne4 22. Nd4 Rg6 23. Nf3 Ng5 24. Nxg5 Qxg5 25. g3 Rh6 26. Kg2 Qh5 27. Rh1 Rf6 28. Rhe1 Qf3+ 29. Kg1 Rh6 30. Qe2 Qxe2 31. Rxe2 Rxh3 32. e4 Kf8 33. c4 Rh5 34. cxd5 cxd5 35. Rd4 Rhe5 36. Rb4 b5 37. a4 Rxe4 0-1

[Event "Odense Andersen op"]
[Site "Odense"]
[Date "2013.05.08"]
[Round "1"]
[White "Hamann, Brian Michael"]
[Black "Carstensen, Jacob"]
[Result "0-1"]
[WhiteElo "1877"]
[BlackElo "2381"]
[PlyCount "56"]
[EventDate "2013.05.08"]
[EventType "swiss"]
[EventRounds "9"]
[EventCountry "DEN"]
[SourceTitle "CBM 154 Extra"]
[Source "ChessBase"]
[SourceDate "2013.06.25"]
[SourceVersion "2"]
[SourceVersionDate "2013.06.25"]
[SourceQuality "1"]

1. d4 Nf6 2. Nf3 c5 3. d5 e6 4. c4 b5 5. cxb5 Nxd5 6. e4 Nf6 7. Bg5 Bb7 8. Nbd2 Qa5 9. Bxf6 gxf6 10. Bd3 a6 11. bxa6 Nxa6 12. 0-0 Nb4 13. Bc4 Qc7 14. a3 Nc6 15. Re1 Bd6 16. Rc1 Ne5 17. Bb5 0-0 18. Nxe5 Bxe5 19. Qg4+ Kh8 20. Qh4 Rg8 21. Nc4 Bd4 22. Rcd1 Rg6 23. Ne3 d6 24. Bd3 Bxb2 25. e5 f5 26. exd6 Qc6 27. Bf1 Bf6 28. Qh3 Bd4 0-1